000 00849nam a22002295i 4500
001 176300
003 ES-MaACL
005 20251019063056.0
008 110107s1971 sp |||| | spa d
080 _a821.161.1-31"18"
100 1 _aDostoievski, Fiódor,
_d1821-1881
_9242371
245 1 0 _aStepanchikovo /
_cFedor Dostoievski ; estudio, notas y comentarios de texto por Constantino García y Guillermo Rojo ; [traducción de M. Boneu].
260 _aMadrid :
_bNarcea,
_cD. L. 1971.
300 _a288 p. ;
_c18 cm.
490 1 _aBitácora. Biblioteca del estudiante ;
_v14
700 0 _aGarcía, Constantino.
_954008
700 0 _aRojo, Guillermo.
_999091
700 1 _aBoneu, M.
_9144615
830 0 _aBitácora. Biblioteca del estudiante ;
_v14
_9181903
852 _aES-MaACL
_jE-13946
_xOlim P-1892
999 _c176300
_d176300